[Event "Montcada"]
[Site "Montcada"]
[Date "2018.06.30"]
[Round "7.1"]
[White "Perez Mitjans, Orelvis"]
[Black "Akash Pc, Iyer"]
[Result "1/2-1/2"]
[BlackElo "2435"]
[WhiteElo "2399"]
[LiveChessVersion "1.4.8"]

1. e4 {[%clk 1:30:59]} d6 {[%clk 1:30:53]} 2. d4 {[%clk 1:31:22]} Nf6
{[%clk 1:31:18]} 3. Nc3 {[%clk 1:31:47]} g6 {[%clk 1:31:38]} 4. g3
{[%clk 1:28:40]} Bg7 {[%clk 1:31:54]} 5. Bg2 {[%clk 1:29:04]} O-O
{[%clk 1:32:17]} 6. Nge2 {[%clk 1:29:21]} c6 {[%clk 1:32:18]} 7. O-O
{[%clk 1:29:15]} e5 {[%clk 1:25:42]} 8. a4 {[%clk 1:28:10]} Na6 {[%clk 1:23:33]}
9. b3 {[%clk 1:22:03]} exd4 {[%clk 1:19:56]} 10. Nxd4 {[%clk 1:22:21]} Nb4
{[%clk 1:19:57]} 11. Ba3 {[%clk 1:17:50]} a5 {[%clk 1:17:26]} 12. Qd2
{[%clk 1:14:14]} Qb6 {[%clk 1:14:45]} 13. Rae1 {[%clk 1:05:19]} Re8
{[%clk 1:13:49]} 14. Nb1 {[%clk 0:47:56]} d5 {[%clk 0:58:28]} 15. exd5
{[%clk 0:39:46]} Nbxd5 {[%clk 0:57:12]} 16. Rxe8+ {[%clk 0:29:19]} Nxe8
{[%clk 0:57:33]} 17. Re1 {[%clk 0:29:44]} Bd7 {[%clk 0:54:07]} 18. Nf3
{[%clk 0:26:48]} Bf5 {[%clk 0:47:37]} 19. Ne5 {[%clk 0:25:53]} Nef6
{[%clk 0:45:11]} 20. Nc4 {[%clk 0:24:43]} Qc7 {[%clk 0:45:16]} 21. Bb2
{[%clk 0:24:09]} Nb4 {[%clk 0:43:04]} 22. Nba3 {[%clk 0:21:34]} Rd8
{[%clk 0:33:36]} 23. Qc1 {[%clk 0:20:51]} Nfd5 {[%clk 0:33:40]} 24. Bxg7
{[%clk 0:19:37]} Kxg7 {[%clk 0:33:59]} 25. h3 {[%clk 0:18:40]} h5
{[%clk 0:30:53]} 26. Re5 {[%clk 0:13:10]} f6 {[%clk 0:30:27]} 27. Re1
{[%clk 0:13:27]} g5 {[%clk 0:26:14]} 28. Ne3 {[%clk 0:10:36]} Bg6
{[%clk 0:25:11]} 29. Nac4 {[%clk 0:08:03]} Nxe3 {[%clk 0:24:34]} 30. Nxe3
{[%clk 0:07:43]} Qd6 {[%clk 0:24:57]} 31. Rd1 {[%clk 0:05:22]} Qe7
{[%clk 0:25:04]} 32. Rd2 {[%clk 0:05:00]} Rxd2 {[%clk 0:21:43]} 33. Qxd2
{[%clk 0:05:29]} Kh7 {[%clk 0:21:51]} 34. g4 {[%clk 0:04:32]} hxg4
{[%clk 0:21:26]} 35. hxg4 {[%clk 0:05:01]} Kg7 {[%clk 0:20:35]} 36. Bf1
{[%clk 0:03:59]} Nd5 {[%clk 0:17:46]} 37. Nxd5 {[%clk 0:03:54]} Qd7
{[%clk 0:18:14]} 38. Bg2 1/2-1/2

[Event "Montcada"]
[Site "Montcada"]
[Date "2018.06.30"]
[Round "7.2"]
[White "Peralta, Fernando"]
[Black "Harsha, Bharathakoti"]
[Result "1/2-1/2"]
[BlackElo "2471"]
[WhiteElo "2567"]
[LiveChessVersion "1.4.8"]

1. d4 {[%clk 1:30:48]} e6 {[%clk 1:30:31]} 2. c4 {[%clk 1:30:57]} d5
{[%clk 1:30:54]} 3. Nf3 {[%clk 1:30:21]} Nf6 {[%clk 1:29:23]} 4. Nc3
{[%clk 1:30:43]} a6 {[%clk 1:29:28]} 5. cxd5 {[%clk 1:30:59]} exd5
{[%clk 1:29:54]} 6. Bg5 {[%clk 1:31:23]} Be6 {[%clk 1:30:13]} 7. e3
{[%clk 1:31:40]} Nbd7 {[%clk 1:30:17]} 8. h3 {[%clk 1:31:44]} Bd6
{[%clk 1:30:23]} 9. Bd3 {[%clk 1:31:34]} O-O {[%clk 1:28:25]} 10. O-O
{[%clk 1:30:57]} c6 {[%clk 1:26:07]} 11. Bf4 {[%clk 1:29:56]} Qc7
{[%clk 1:25:49]} 12. Bxd6 {[%clk 1:29:34]} Qxd6 {[%clk 1:26:14]} 13. Rc1
{[%clk 1:28:55]} Rfe8 {[%clk 1:24:08]} 14. Re1 {[%clk 1:26:59]} h6
{[%clk 1:20:57]} 15. a3 {[%clk 1:25:56]} Rac8 {[%clk 1:17:27]} 16. Bb1
{[%clk 1:21:40]} Re7 {[%clk 1:02:38]} 17. Nd2 {[%clk 1:14:19]} Nf8
{[%clk 0:55:46]} 18. Na4 {[%clk 1:11:55]} Rce8 {[%clk 0:53:32]} 19. Qb3
{[%clk 1:05:21]} N8h7 {[%clk 0:43:33]} 20. Qb4 {[%clk 0:59:22]} Qd8
{[%clk 0:30:33]} 21. Nc5 {[%clk 0:55:13]} Bc8 {[%clk 0:29:08]} 22. Nf3
{[%clk 0:55:16]} Ng5 {[%clk 0:28:14]} 23. Ne5 {[%clk 0:50:11]} Nfe4
{[%clk 0:22:22]} 24. h4 {[%clk 0:35:34]} Nxc5 {[%clk 0:16:35]} 25. hxg5
{[%clk 0:35:48]} Nd7 {[%clk 0:13:50]} 26. Nxd7 {[%clk 0:33:17]} Qxd7
{[%clk 0:14:15]} 27. gxh6 {[%clk 0:33:27]} gxh6 {[%clk 0:10:13]} 28. Kh2
{[%clk 0:20:37]} f5 {[%clk 0:07:52]} 29. Qd2 {[%clk 0:16:01]} Rg7
{[%clk 0:06:37]} 30. f4 {[%clk 0:11:27]} h5 {[%clk 0:06:21]} 31. Rh1
{[%clk 0:10:02]} Qe7 {[%clk 0:05:09]} 32. Rce1 {[%clk 0:09:48]} h4
{[%clk 0:04:16]} 33. Kg1 {[%clk 0:09:21]} Rg3 {[%clk 0:03:18]} 34. Rh3
{[%clk 0:08:59]} Rxh3 {[%clk 0:02:58]} 35. gxh3 {[%clk 0:09:25]} Kf7
{[%clk 0:03:10]} 1/2-1/2

[Event "Montcada"]
[Site "Montcada"]
[Date "2018.06.30"]
[Round "7.4"]
[White "Cuartas, Jaime Alexander"]
[Black "Iniyan, P"]
[Result "1/2-1/2"]
[BlackElo "2460"]
[WhiteElo "2508"]
[LiveChessVersion "1.4.8"]

1. e4 {[%clk 1:30:56]} c5 {[%clk 1:30:44]} 2. c3 {[%clk 1:31:18]} Nf6
{[%clk 1:30:29]} 3. e5 {[%clk 1:31:38]} Nd5 {[%clk 1:30:53]} 4. d4
{[%clk 1:32:02]} cxd4 {[%clk 1:31:16]} 5. Nf3 {[%clk 1:32:28]} d6
{[%clk 1:31:30]} 6. cxd4 {[%clk 1:32:38]} Nc6 {[%clk 1:30:56]} 7. Bc4
{[%clk 1:32:48]} e6 {[%clk 1:31:02]} 8. O-O {[%clk 1:32:28]} Be7 {[%clk 1:22:53]}
9. Qe2 {[%clk 1:32:23]} Nb6 {[%clk 1:08:58]} 10. Bb3 {[%clk 1:30:38]} d5
{[%clk 1:08:58]} 11. Rd1 {[%clk 1:30:38]} Bd7 {[%clk 1:08:58]} 12. Nc3
{[%clk 1:30:38]} Na5 {[%clk 1:08:58]} 13. Bc2 {[%clk 1:30:38]} Rc8
{[%clk 1:08:58]} 14. Bd3 {[%clk 1:30:38]} O-O {[%clk 1:08:58]} 15. Bc2
{[%clk 1:30:38]} Nbc4 {[%clk 1:08:58]} 16. Qd3 {[%clk 1:30:38]} g6
{[%clk 1:08:58]} 17. a3 {[%clk 1:30:38]} Qc7 {[%clk 1:08:58]} 18. Ne1
{[%clk 1:30:38]} f6 {[%clk 0:35:32]} 19. exf6 {[%clk 0:50:22]} Rxf6
{[%clk 0:25:54]} 20. Ba4 {[%clk 0:43:04]} Bxa4 {[%clk 0:19:03]} 21. Nxa4
{[%clk 0:43:26]} Rcf8 {[%clk 0:19:22]} 22. Nf3 {[%clk 0:42:45]} Nd6
{[%clk 0:15:13]} 23. Bh6 {[%clk 0:41:54]} Rc8 {[%clk 0:11:01]} 24. Rac1
{[%clk 0:36:40]} Qd8 {[%clk 0:11:11]} 25. Rxc8 {[%clk 0:36:58]} Qxc8
{[%clk 0:11:36]} 26. Ne5 {[%clk 0:31:14]} Nf7 {[%clk 0:03:20]} 27. Bd2
{[%clk 0:23:08]} Nc4 {[%clk 0:02:45]} 28. Nxc4 {[%clk 0:20:31]} Qxc4
{[%clk 0:03:10]} 29. Qxc4 {[%clk 0:20:11]} dxc4 {[%clk 0:03:34]} 30. Nc3
{[%clk 0:20:21]} Nd6 {[%clk 0:03:17]} 31. Re1 {[%clk 0:20:07]} Kf7
{[%clk 0:03:43]} 32. Bg5 {[%clk 0:17:40]} Rf5 {[%clk 0:04:08]} 33. Bxe7
{[%clk 0:17:22]} Kxe7 {[%clk 0:04:27]} 34. g4 {[%clk 0:17:17]} Rg5
{[%clk 0:04:10]} 35. h3 {[%clk 0:16:43]} Kd7 {[%clk 0:04:23]} 36. d5
{[%clk 0:16:50]} Rxd5 {[%clk 0:03:05]} 37. Nxd5 {[%clk 0:17:13]} exd5
{[%clk 0:03:31]} 38. Re5 {[%clk 0:16:24]} Kc6 {[%clk 0:02:54]} 39. f4
{[%clk 0:16:17]} b5 {[%clk 0:02:37]} 40. Kf2 {[%clk 0:15:54]} a5 {[%clk 0:02:32]}
41. f5 {[%clk 0:10:48]} gxf5 {[%clk 0:02:31]} 42. gxf5 {[%clk 0:11:14]} b4
{[%clk 0:02:56]} 43. axb4 {[%clk 0:11:27]} axb4 {[%clk 0:03:20]} 44. f6
{[%clk 0:11:46]} b3 {[%clk 0:02:45]} 45. Ke3 {[%clk 0:09:50]} c3 {[%clk 0:02:53]}
46. Kd3 {[%clk 0:10:03]} cxb2 {[%clk 0:03:04]} 47. Re1 Kc5 48. Kc3
{[%clk 0:08:10]} Ne4+ {[%clk 0:03:02]} 49. Kxb2 {[%clk 0:08:23]} Nxf6
{[%clk 0:03:24]} 50. Re6 {[%clk 0:08:13]} Ne4 {[%clk 0:03:26]} 51. Rh6
{[%clk 0:07:00]} Kc4 {[%clk 0:01:58]} 52. Rxh7 {[%clk 0:06:57]} d4
{[%clk 0:02:23]} 53. Rc7+ {[%clk 0:06:16]} Nc5 {[%clk 0:02:48]} 54. h4
{[%clk 0:04:41]} d3 {[%clk 0:03:14]} 55. Kc1 {[%clk 0:04:23]} Kd4
{[%clk 0:03:39]} 56. h5 {[%clk 0:04:19]} Ne4 {[%clk 0:03:12]} 57. h6
{[%clk 0:01:51]} d2+ {[%clk 0:02:54]} 58. Kb2 {[%clk 0:02:05]} Nf6
{[%clk 0:02:22]} 59. h7 {[%clk 0:01:53]} d1=Q {[%clk 0:02:11]} 60. h8=Q
{[%clk 0:01:54]} Qe2+ {[%clk 0:02:36]} 61. Kxb3 {[%clk 0:01:46]} Qb5+
{[%clk 0:03:00]} 62. Kc2 {[%clk 0:01:52]} Qe2+ {[%clk 0:03:22]} 63. Kb1
{[%clk 0:01:50]} Qb5+ {[%clk 0:03:45]} 64. Kc1 {[%clk 0:01:57]} Qf1+
{[%clk 0:04:13]} 65. Kb2 {[%clk 0:02:12]} Qb5+ {[%clk 0:04:36]} 1/2-1/2

[Event "Montcada"]
[Site "Montcada"]
[Date "2018.06.30"]
[Round "7.5"]
[White "Kevlishvili, Robby"]
[Black "Himanshu, Sharma"]
[Result "1/2-1/2"]
[BlackElo "2420"]
[WhiteElo "2502"]
[LiveChessVersion "1.4.8"]

1. e4 {[%clk 1:30:57]} c5 {[%clk 1:30:40]} 2. Nf3 {[%clk 1:31:22]} Nc6
{[%clk 1:30:51]} 3. d4 {[%clk 1:31:47]} cxd4 {[%clk 1:31:10]} 4. Nxd4
{[%clk 1:32:13]} e6 {[%clk 1:29:00]} 5. Nc3 {[%clk 1:32:21]} Qc7 {[%clk 1:29:23]}
6. Be3 a6 {[%clk 1:29:46]} 7. Be2 {[%clk 1:33:09]} Nf6 {[%clk 1:29:53]} 8. a3
{[%clk 1:33:35]} Na5 {[%clk 1:26:03]} 9. f4 {[%clk 1:04:31]} d6 {[%clk 1:23:40]}
10. Qd3 {[%clk 1:01:54]} Be7 {[%clk 1:19:23]} 11. O-O-O {[%clk 1:01:35]} O-O
{[%clk 1:13:40]} 12. g4 {[%clk 1:00:49]} b5 {[%clk 1:13:28]} 13. Rhg1
{[%clk 0:47:36]} Bb7 {[%clk 1:08:30]} 14. f5 {[%clk 0:45:41]} d5 {[%clk 1:03:59]}
15. exd5 {[%clk 0:38:03]} Nxd5 {[%clk 1:03:07]} 16. Nxd5 {[%clk 0:37:06]} Bxd5
{[%clk 1:03:12]} 17. Bf3 {[%clk 0:32:59]} Bxf3 {[%clk 0:51:33]} 18. Nxf3
{[%clk 0:33:18]} Rac8 {[%clk 0:46:27]} 19. fxe6 {[%clk 0:25:35]} fxe6
{[%clk 0:46:38]} 20. Ng5 {[%clk 0:24:51]} Bxg5 {[%clk 0:43:26]} 21. Bxg5
{[%clk 0:25:18]} Qc4 {[%clk 0:38:09]} 22. Qxc4 {[%clk 0:25:19]} Nxc4
{[%clk 0:37:59]} 23. Rg2 {[%clk 0:25:36]} h6 {[%clk 0:37:01]} 24. Bd2
{[%clk 0:25:50]} Rfd8 {[%clk 0:30:34]} 25. b3 {[%clk 0:24:05]} Nxd2
{[%clk 0:26:35]} 1/2-1/2

[Event "Montcada"]
[Site "Montcada"]
[Date "2018.06.30"]
[Round "7.6"]
[White "Arjun, Kalyan"]
[Black "Asis Gargatagli, Hipolito"]
[Result "1/2-1/2"]
[BlackElo "2537"]
[WhiteElo "2370"]
[LiveChessVersion "1.4.8"]

1. e4 {[%clk 1:30:57]} d6 {[%clk 1:20:31]} 2. d4 {[%clk 1:31:08]} g6
{[%clk 1:20:55]} 3. Bd3 {[%clk 1:29:32]} Bg7 {[%clk 1:20:35]} 4. Nf3
{[%clk 1:29:54]} Nf6 {[%clk 1:20:07]} 5. h3 {[%clk 1:29:22]} O-O {[%clk 1:19:59]}
6. O-O {[%clk 1:29:43]} Nc6 {[%clk 1:19:54]} 7. d5 {[%clk 1:28:01]} Nb4
{[%clk 1:16:02]} 8. c4 {[%clk 1:27:30]} e6 {[%clk 1:02:56]} 9. dxe6
{[%clk 1:27:07]} Bxe6 {[%clk 1:02:38]} 10. Nd4 {[%clk 1:25:16]} Nxd3
{[%clk 0:46:33]} 11. Qxd3 {[%clk 1:24:58]} Nd7 {[%clk 0:46:32]} 12. Nxe6
{[%clk 1:06:38]} fxe6 {[%clk 0:46:04]} 13. Nc3 {[%clk 1:06:25]} Qh4
{[%clk 0:42:28]} 14. Be3 {[%clk 0:34:46]} Ne5 {[%clk 0:30:36]} 15. Qe2
{[%clk 0:34:05]} Rf3 {[%clk 0:30:56]} 16. Nb1 {[%clk 0:15:50]} Rf7
{[%clk 0:04:42]} 17. Nd2 {[%clk 0:13:51]} g5 {[%clk 0:05:05]} 18. f3
{[%clk 0:13:08]} Ng6 {[%clk 0:05:13]} 19. Nb3 {[%clk 0:08:39]} b6
{[%clk 0:05:22]} 20. Qf2 {[%clk 0:08:32]} Qh6 {[%clk 0:05:19]} 21. Bd4
{[%clk 0:07:40]} Raf8 {[%clk 0:04:08]} 22. Bxg7 {[%clk 0:07:37]} Qxg7
{[%clk 0:04:19]} 23. Nd4 {[%clk 0:07:20]} Nf4 {[%clk 0:04:44]} 24. Rad1
{[%clk 0:06:53]} h5 {[%clk 0:04:44]} 25. Qd2 {[%clk 0:04:04]} Qg6
{[%clk 0:04:20]} 26. Ne2 {[%clk 0:03:45]} Nxe2+ {[%clk 0:04:18]} 27. Qxe2
{[%clk 0:04:14]} e5 {[%clk 0:04:42]} 28. b4 {[%clk 0:04:14]} Qe6 {[%clk 0:04:34]}
1/2-1/2

[Event "Montcada"]
[Site "Montcada"]
[Date "2018.06.30"]
[Round "7.7"]
[White "Shyam, Sundar M."]
[Black "Ramirez Garcia, Jorge Alberto"]
[Result "1-0"]
[BlackElo "2330"]
[WhiteElo "2527"]
[LiveChessVersion "1.4.8"]

1. e4 e6 {[%clk 1:23:25]} 2. d4 {[%clk 1:31:17]} d5 {[%clk 1:23:42]} 3. Nd2
{[%clk 1:31:44]} dxe4 {[%clk 1:23:23]} 4. Nxe4 {[%clk 1:32:09]} Nd7
{[%clk 1:23:49]} 5. g3 {[%clk 1:28:39]} b6 {[%clk 1:23:01]} 6. Bg2
{[%clk 1:28:39]} Rb8 {[%clk 1:23:09]} 7. Nf3 {[%clk 1:23:58]} Bb7
{[%clk 1:23:10]} 8. Qe2 {[%clk 1:24:13]} Ngf6 {[%clk 1:22:58]} 9. Nxf6+
{[%clk 1:24:33]} Nxf6 {[%clk 1:21:38]} 10. O-O {[%clk 1:24:57]} Bd6
{[%clk 1:13:45]} 11. c4 {[%clk 1:18:48]} O-O {[%clk 1:13:35]} 12. Rd1
{[%clk 1:18:34]} Qe7 {[%clk 1:10:33]} 13. b3 {[%clk 1:11:40]} Rfd8
{[%clk 1:07:50]} 14. Bb2 {[%clk 1:11:51]} Bxf3 {[%clk 1:07:49]} 15. Bxf3
{[%clk 1:06:01]} Ba3 {[%clk 1:07:47]} 16. Bc3 {[%clk 1:06:27]} Bb4
{[%clk 1:06:11]} 17. Rac1 {[%clk 1:06:01]} Bxc3 {[%clk 1:04:16]} 18. Rxc3
{[%clk 1:06:29]} Qb4 {[%clk 0:58:29]} 19. Rcd3 {[%clk 1:06:38]} Rd6
{[%clk 0:53:16]} 20. g4 {[%clk 0:57:39]} Rbd8 {[%clk 0:48:39]} 21. g5
{[%clk 0:57:56]} Nd7 {[%clk 0:48:37]} 22. h4 {[%clk 0:55:15]} Nf8
{[%clk 0:39:56]} 23. h5 {[%clk 0:51:19]} R6d7 {[%clk 0:21:07]} 24. Bc6
{[%clk 0:41:30]} Re7 {[%clk 0:20:36]} 25. Qe5 {[%clk 0:35:40]} Rd6
{[%clk 0:06:06]} 26. d5 {[%clk 0:30:23]} h6 {[%clk 0:05:54]} 27. Rg3
{[%clk 0:26:54]} hxg5 {[%clk 0:03:40]} 28. Qxg5 {[%clk 0:27:18]} f6
{[%clk 0:03:59]} 29. Qxf6 {[%clk 0:27:46]} Rf7 {[%clk 0:03:57]} 30. Qd4
{[%clk 0:23:10]} e5 {[%clk 0:04:06]} 31. Qxe5 {[%clk 0:22:15]} Qa5
{[%clk 0:02:43]} 32. Be8 {[%clk 0:22:03]} Rff6 {[%clk 0:03:03]} 33. Qe7
{[%clk 0:20:41]} g6 {[%clk 0:00:35]} 34. h6 {[%clk 0:21:01]} 1-0

[Event "Montcada"]
[Site "Montcada"]
[Date "2018.06.30"]
[Round "7.8"]
[White "Kulkarni, Chinmay"]
[Black "Oliva Castaneda, Kevel"]
[Result "0-1"]
[BlackElo "2516"]
[WhiteElo "2281"]
[LiveChessVersion "1.4.8"]

1. e4 c5 2. Nf3 d6 3. d4 cxd4 4. Nxd4 Nf6 5. Nc3 a6 6. h4 e5 7. Nb3 Be7 8. Bg5
Nbd7 9. f3 b5 10. Qd2 Bb7 11. Bxf6 Nxf6 12. O-O-O O-O 13. a3 Qb6 14. g4 Rfd8 15.
g5 Nh5 16. Nd5 Bxd5 17. exd5 a5 18. Kb1 Rdb8 19. Nc1 f5 20. gxf6 Bxf6 21. Bd3 Kh8
22. Rhg1 Qc7 23. Rg4 Qd7 24. Rdg1 b4 25. a4 Qxa4 26. Qe2 Qe8 27. Qe4 Qg8 28. Ne2
a4 29. Rg6 Be7 30. Re6 Nf6 31. Qf5 Qf7 32. h5 a3 33. b3 Rf8 34. Ka2 Ra7 35. Ng3
Qg8 36. Ne4 Nxd5 37. Qg4 Rf4 38. Qh3 Rxe4 39. Bxe4 Nf4 40. Rxe7 Nxh3 0-1

[Event "Montcada"]
[Site "Montcada"]
[Date "2018.06.30"]
[Round "7.9"]
[White "Deshpande, Aniruddha"]
[Black "Raghunandan, Kaumandur Srihari"]
[Result "1/2-1/2"]
[BlackElo "2409"]
[WhiteElo "2159"]
[LiveChessVersion "1.4.8"]

1. d4 {[%clk 1:30:21]} Nf6 {[%clk 1:30:50]} 2. c4 {[%clk 1:30:37]} d6
{[%clk 1:31:06]} 3. Nf3 {[%clk 1:30:15]} g6 {[%clk 1:31:16]} 4. g3
{[%clk 1:30:37]} Bg7 {[%clk 1:31:19]} 5. Bg2 {[%clk 1:30:54]} O-O
{[%clk 1:31:39]} 6. Nc3 {[%clk 1:30:44]} Nbd7 {[%clk 1:32:03]} 7. O-O
{[%clk 1:30:58]} e5 {[%clk 1:32:25]} 8. e4 {[%clk 1:29:30]} exd4 {[%clk 1:29:43]}
9. Nxd4 {[%clk 1:29:40]} Re8 {[%clk 1:29:58]} 10. h3 {[%clk 1:28:08]} Nc5
{[%clk 1:30:17]} 11. Re1 {[%clk 1:28:09]} Bd7 {[%clk 1:30:40]} 12. Bf4
{[%clk 1:27:28]} Qc8 {[%clk 1:28:22]} 13. Kh2 {[%clk 1:27:13]} h6
{[%clk 1:24:39]} 14. Qc2 {[%clk 1:16:39]} Nh7 {[%clk 1:14:01]} 15. Be3
{[%clk 1:12:26]} h5 {[%clk 1:01:09]} 16. f4 {[%clk 1:03:56]} c6 {[%clk 0:58:10]}
17. Bf2 {[%clk 0:54:50]} Qc7 {[%clk 0:54:08]} 18. Nf3 {[%clk 0:54:22]} Be6
{[%clk 0:40:09]} 19. b3 {[%clk 0:49:00]} Bd7 {[%clk 0:40:28]} 20. Nd4
{[%clk 0:36:00]} Nf6 {[%clk 0:35:39]} 21. b4 {[%clk 0:28:34]} Ne6
{[%clk 0:33:18]} 22. Nxe6 {[%clk 0:28:56]} Bxe6 {[%clk 0:33:28]} 23. c5
{[%clk 0:29:10]} d5 {[%clk 0:25:10]} 24. e5 {[%clk 0:23:44]} Nd7 {[%clk 0:25:05]}
25. Ne2 {[%clk 0:23:12]} Bf5 {[%clk 0:17:01]} 26. Qd1 {[%clk 0:22:24]} f6
{[%clk 0:14:27]} 27. Nd4 {[%clk 0:22:31]} fxe5 {[%clk 0:14:40]} 28. Nxf5
{[%clk 0:18:23]} gxf5 {[%clk 0:15:03]} 29. Qxh5 {[%clk 0:17:32]} Rf8
{[%clk 0:15:02]} 30. fxe5 {[%clk 0:14:26]} Nxe5 {[%clk 0:14:11]} 31. Rad1
{[%clk 0:13:38]} Rae8 {[%clk 0:13:31]} 32. Be3 {[%clk 0:12:06]} Qf7
{[%clk 0:10:17]} 33. Qxf7+ {[%clk 0:06:25]} Kxf7 {[%clk 0:09:54]} 34. Bf4
{[%clk 0:06:13]} Re6 {[%clk 0:07:45]} 35. b5 {[%clk 0:04:20]} Rfe8
{[%clk 0:08:05]} 36. Re3 {[%clk 0:03:52]} Nc4 {[%clk 0:05:17]} 37. Rxe6
{[%clk 0:03:58]} Rxe6 {[%clk 0:05:40]} 38. bxc6 {[%clk 0:04:08]} bxc6
{[%clk 0:06:04]} 39. Bf1 {[%clk 0:04:33]} Ne3 {[%clk 0:05:41]} 40. Bxe3
{[%clk 0:03:55]} Rxe3 {[%clk 0:06:03]} 41. Rd3 {[%clk 0:04:17]} Rxd3
{[%clk 0:04:20]} 42. Bxd3 {[%clk 0:04:44]} Ke6 {[%clk 0:04:40]} 43. Kg2
{[%clk 0:02:27]} Bd4 {[%clk 0:03:17]} 44. Ba6 {[%clk 0:02:53]} Bxc5
{[%clk 0:03:02]} 45. Bc8+ {[%clk 0:03:21]} Ke5 {[%clk 0:02:03]} 46. Bd7
{[%clk 0:03:14]} d4 {[%clk 0:01:37]} 47. Bxc6 {[%clk 0:03:14]} d3
{[%clk 0:02:00]} 48. Kf3 {[%clk 0:01:00]} Kd4 {[%clk 0:02:04]} 49. Bd7
{[%clk 0:01:06]} Ke5 {[%clk 0:01:20]} 50. Bb5 {[%clk 0:01:24]} d2
{[%clk 0:01:36]} 51. Ke2 {[%clk 0:01:44]} Be3 {[%clk 0:01:56]} 52. Bd7
{[%clk 0:01:56]} Bh6 {[%clk 0:02:05]} 53. Bc8 {[%clk 0:02:07]} a5
{[%clk 0:01:32]} 54. a4 {[%clk 0:02:27]} 1/2-1/2

[Event "Montcada"]
[Site "Montcada"]
[Date "2018.06.30"]
[Round "7.10"]
[White "Akesson, Ralf"]
[Black "Garcia Ramos, Daniel"]
[Result "1/2-1/2"]
[BlackElo "2354"]
[WhiteElo "2397"]
[LiveChessVersion "1.4.8"]

1. Nf3 {[%clk 1:30:48]} Nf6 {[%clk 1:30:54]} 2. c4 {[%clk 1:31:08]} e6
{[%clk 1:31:20]} 3. Nc3 {[%clk 1:31:09]} b6 {[%clk 1:31:05]} 4. e4
{[%clk 1:29:18]} Bb7 {[%clk 1:30:41]} 5. Qe2 {[%clk 1:29:21]} d6 {[%clk 1:28:39]}
6. d4 {[%clk 1:29:10]} c5 {[%clk 1:24:18]} 7. d5 {[%clk 1:29:01]} exd5
{[%clk 1:24:11]} 8. exd5+ {[%clk 1:28:34]} Be7 {[%clk 1:24:23]} 9. Qc2
{[%clk 1:21:10]} O-O {[%clk 1:24:03]} 10. Bd3 {[%clk 1:21:26]} Na6
{[%clk 1:24:00]} 11. a3 {[%clk 1:20:50]} Re8 {[%clk 1:21:47]} 12. O-O
{[%clk 1:21:03]} Nc7 {[%clk 1:21:16]} 13. b3 {[%clk 1:11:43]} g6 {[%clk 1:18:53]}
14. Bb2 {[%clk 1:11:00]} Bf8 {[%clk 1:18:18]} 15. Rae1 {[%clk 1:00:45]} Bg7
{[%clk 1:12:59]} 16. h3 {[%clk 0:50:58]} Qd7 {[%clk 1:12:00]} 17. a4
{[%clk 0:50:11]} Rxe1 {[%clk 0:57:03]} 18. Rxe1 {[%clk 0:50:28]} Re8
{[%clk 0:57:25]} 19. Rxe8+ {[%clk 0:47:49]} Qxe8 {[%clk 0:57:25]} 20. Nb5
{[%clk 0:40:12]} Nxb5 {[%clk 0:47:06]} 21. axb5 {[%clk 0:40:31]} Qe7
{[%clk 0:42:33]} 22. Bc1 {[%clk 0:34:05]} Nd7 {[%clk 0:25:25]} 23. Bg5
{[%clk 0:31:14]} Bf6 {[%clk 0:25:22]} 24. Bf4 {[%clk 0:29:55]} Bc8
{[%clk 0:21:12]} 25. Qe2 {[%clk 0:22:40]} Qxe2 {[%clk 0:20:45]} 26. Bxe2
{[%clk 0:23:03]} Be7 {[%clk 0:19:03]} 27. g4 {[%clk 0:19:35]} Nf6
{[%clk 0:17:50]} 28. Nd2 {[%clk 0:18:55]} Ne8 {[%clk 0:16:16]} 29. Bd3
{[%clk 0:17:43]} f6 {[%clk 0:15:00]} 30. f3 {[%clk 0:16:50]} Kf7 {[%clk 0:15:07]}
31. Kf2 {[%clk 0:17:13]} Ng7 {[%clk 0:10:49]} 32. Ne4 {[%clk 0:16:32]} Ne8
{[%clk 0:11:14]} 33. Ng3 {[%clk 0:14:09]} Ng7 {[%clk 0:09:43]} 34. Ne4
{[%clk 0:13:35]} Ne8 {[%clk 0:10:08]} 35. Ke3 1/2-1/2